| 000 | 00442nam a2200145 a 4500 | ||
|---|---|---|---|
| 001 | 000043039 | ||
| 005 | 20201002040607.0 | ||
| 008 | 140218s1969 nyua 001 0 spa d | ||
| 040 |
_aDO-SdBNP _bspa _cBNPHU |
||
| 082 |
_axxx _bxxx |
||
| 100 | 1 |
_aClark, Kenneth, _d1903-1983. _960439 |
|
| 245 | 1 | 0 |
_aCivilisation : _ba personal view / _cKenneth Clark. |
| 260 |
_aNew York : _bHarper & Row, _c1969. |
||
| 300 |
_axviii, 359 p. : _bil., retrs. ; _c26 cm. |
||
| 999 |
_c42528 _d42528 |
||